01017nam a22002895a 4500001001400000003000400014005001700018008004100035020001800076020001500094040003400109082002300143100002300166245005100189260005800240300003400298500002700332500002400359504003100383650005100414650004500465651001000510653002500520942000800545999001700553952015700570ssj0000473594OSt20160228114427.0100520t2010 enka frbd 001 2 eng d a9780335237852 a0335237851 aBIP USdWaSeSSbengdEG-ScBUE04a070.02341222bSYN1 aSynge, Dan.93945014aThe survival guide to journalism /cDan Synge. aBerkshire :bMcGraw-Hill Publishing Company,cc.2010. avii, 152 p. :bill. ;c24 cm. aGlossary : p. 142-144. aIndex : p. 147-152. aBibliography : p. 145-146. 7aJournalismxVocational guidance.2BUEsh939451 7aJournalism2BUEsh936064zGreat Britain. 2BUEsh bCOMAMEcFebruary2016 2ddc c21260d21232 00102ddc40708IqraaaMAINbMAINcLOWd2016-02-28ePurchaseg125.00h3741l3m8o070.02341 SYNp000031738r2025-07-15 00:00:00s2018-05-20v156.25yBB